[Event "Alcobendas (m/4)"]
[Site "?"]
[Date "1994.??.??"]
[Round "?"]
[White "Illescas Cordoba, M."]
[Black "Topalov, V."]
[Result "1/2-1/2"]
[WhiteElo "2590"]
[BlackElo "2645"]
[PlyCount "68"]
[EventDate "1994.??.??"]
[Source "ChessBase"]
[SourceDate "1994.10.01"]

1. d4 Nf6 2. c4 e6 3. Nc3 c5 4. d5 exd5 5. cxd5 d6 6. e4 g6 7. f4 Bg7 8. Bb5+ Nbd7 9. e5 dxe5 10. fxe5 Nh5 11. e6 Qh4+ 12. g3 Nxg3 13. hxg3 Qxh1 14. Be3 Bxc3+ 15. bxc3 a6 16. Bxd7+ Bxd7 17. exd7+ Kxd7 18. Qf3 Qxf3 19. Nxf3 Rhe8 20. Kf2 Kd6 21. c4 f6 22. Rb1 b5 23. Nd2 g5 24. Kf3 Rad8 25. Rd1 h5 26. Ne4+ Rxe4 27. Kxe4 Re8+ 28. Kf3 bxc4 29. Bd2 Re5 30. Bc3 Rf5+ 31. Ke4 Rf2 32. Ke3 Rf5 33. Ke4 Rf2 34. Ke3 Rf5 1/2-1/2

[Event "Madrid"]
[Site "Madrid"]
[Date "1973.??.??"]
[Round "10"]
[White "Hort, Vlastimil"]
[Black "Panno, Oscar"]
[Result "1/2-1/2"]
[WhiteElo "2590"]
[BlackElo "2585"]
[PlyCount "103"]
[EventDate "1973.??.??"]
[Source "ChessBase"]

1. d4 Nf6 2. c4 c5 3. d5 e6 4. Nc3 exd5 5. cxd5 d6 6. e4 g6 7. f4 Bg7 8. Bb5+ Nfd7 9. a4 O-O 10. Nf3 Na6 11. O-O Nb4 12. h3 a6 13. Be2 Re8 14. Re1 f5 15. exf5 gxf5 16. Bc4 Nb6 17. Rxe8+ Qxe8 18. Bf1 Bd7 19. a5 Nc8 20. Bd2 b5 21. Qb3 h6 22. Na2 Nxa2 23. Qxa2 Ne7 24. Bc3 Qf7 25. Rd1 Re8 26. Kh2 Bc6 27. Bxg7 Kxg7 28. b4 Bxd5 29. Qf2 Rc8 30. bxc5 dxc5 31. Ne5 Qe6 32. Re1 Rc7 33. Re3 Qf6 34. Be2 c4 35. Rg3+ Kh7 36. Qd4 Rc8 37. Qa7 Rg8 38. Rxg8 Kxg8 39. Qc7 Nc6 40. Bh5 Nxe5 41. fxe5 Qe6 42. Qd8+ Kg7 43. Qc7+ Kh8 44. Qd8+ Qg8 45. Qf6+ Qg7 46. Qd8+ Qg8 47. Qf6+ Qg7 48. Qd8+ Bg8 49. e6 Qe5+ 50. g3 Qxe6 51. Qd4+ Kh7 52. Qa7+ 1/2-1/2

[Event "Kstovo"]
[Site "Kstovo"]
[Date "1998.??.??"]
[Round "1"]
[White "Aleksandrov, Aleksej"]
[Black "Voitsekhovsky, Stanislav"]
[Result "1-0"]
[WhiteElo "2615"]
[BlackElo "2540"]
[PlyCount "63"]
[EventDate "1998.??.??"]
[Source "www.chesslib.no"]
[SourceDate "2004.05.04"]

1. d4 Nf6 2. c4 c5 3. d5 e6 4. Nc3 exd5 5. cxd5 d6 6. e4 g6 7. f4 Bg7 8. Bb5+ Nfd7 9. Be2 O-O 10. Nf3 b6 11. O-O Ba6 12. Be3 Re8 13. Bf2 Nf6 14. Bxa6 Nxa6 15. e5 Nh5 16. Qa4 Nb4 17. Bh4 Qc7 18. Rae1 dxe5 19. fxe5 Nf4 20. d6 Qb7 21. Ne4 Nbd5 22. Rd1 b5 23. Nxc5 Qb6 24. Qc2 Ne3 25. Nd7 Nxc2+ 26. Nxb6 axb6 27. Rc1 Ne2+ 28. Kf2 Nxc1 29. Rxc1 Ra7 30. Rxc2 Bf8 31. Ke2 h6 32. Rd2 1-0

[Event "Corr"]
[Site "?"]
[Date "2000.09.01"]
[Round "?"]
[White "Toro Solis de Ovando Guillerm"]
[Black "Burger Heinrich (GER)"]
[Result "1-0"]
[WhiteElo "2581"]
[BlackElo "2567"]
[PlyCount "77"]
[EventDate "2000.??.??"]
[Source "www.chesslib.no"]
[SourceDate "2004.05.04"]

1. d4 Nf6 2. c4 c5 3. d5 e6 4. Nc3 exd5 5. cxd5 d6 6. e4 g6 7. f4 Bg7 8. Bb5+ Nfd7 9. a4 O-O 10. Nf3 Na6 11. O-O Nc7 12. Bd3 Rb8 13. Qe1 a6 14. a5 b5 15. axb6 Nxb6 16. f5 Nd7 17. Bg5 f6 18. Bc1 g5 19. g4 Re8 20. Ra2 Qe7 21. Qg3 Rb4 22. Bd2 Nb6 23. Rb1 Bf8 24. b3 Nd7 25. h3 Bb7 26. Ra4 Rb6 27. Nd1 Bc8 28. Ne3 Rb8 29. Nc4 Bb7 30. h4 h6 31. hxg5 hxg5 32. Kf2 Nb5 33. Rh1 Bc8 34. Rh5 Nb6 35. Nxb6 Rxb6 36. Ra1 Bg7 37. Rah1 Kf8 38. Qh3 Kf7 39. Rxg5 1-0

[Event "TCh-FRA Nat1 GpA"]
[Site "Evry"]
[Date "2004.01.31"]
[Round "2"]
[White "Lautier, Joel"]
[Black "Abergel, Thal"]
[Result "1-0"]
[WhiteElo "2676"]
[BlackElo "2441"]
[PlyCount "59"]
[EventDate "2004.01.30"]
[Source "Roberto Alvarez"]
[SourceDate "2004.02.09"]

1. d4 Nf6 2. c4 c5 3. d5 e6 4. Nc3 exd5 5. cxd5 d6 6. e4 g6 7. f4 Bg7 8. Bb5+ Nfd7 9. a4 Qh4+ 10. g3 Qe7 11. Nf3 O-O 12. O-O Na6 13. Re1 Nb4 14. Bf1 Re8 15. Nb5 Nf6 16. e5 Nfxd5 17. Nxd6 Rd8 18. Bd2 h6 19. Bc4 Be6 20. Qb3 Bf8 21. Nh4 Qd7 22. Bxb4 Nxb4 23. Nxg6 Bxd6 24. exd6 Bxc4 25. Qxc4 Qxd6 26. Ne7+ Kf8 27. Nf5 Qc6 28. Qc3 f6 29. Rad1 Nd5 30. Rxd5 1-0

[Event "Moscow RUS"]
[Site "?"]
[Date "2004.02.19"]
[Round "3"]
[White "Kaidanov Gregory S"]
[Black "Pantsulaia Levan"]
[Result "1/2-1/2"]
[WhiteElo "2611"]
[BlackElo "2490"]
[PlyCount "79"]
[EventDate "2004.??.??"]
[Source "www.chesslib.no"]
[SourceDate "2004.05.04"]

1. d4 Nf6 2. c4 e6 3. Nc3 c5 4. d5 exd5 5. cxd5 d6 6. e4 g6 7. f4 Bg7 8. Bb5+ Nfd7 9. Nf3 a6 10. Bd3 O-O 11. O-O b5 12. a3 c4 13. Bc2 Nc5 14. h3 Nbd7 15. Be3 Re8 16. Bd4 Bxd4+ 17. Qxd4 Qb6 18. Rae1 a5 19. e5 Ba6 20. Rf2 b4 21. Na4 Qa7 22. Nxc5 Nxc5 23. f5 Nd3 24. Qxa7 Rxa7 25. Bxd3 cxd3 26. axb4 axb4 27. Rd2 dxe5 28. Rxe5 Rae7 29. Rxe7 Rxe7 30. Nd4 Re4 31. Nc6 Bb5 32. Na7 Bc4 33. fxg6 hxg6 34. d6 Rd4 35. Nc6 Rxd6 36. Nxb4 Rb6 37. b3 Bxb3 38. Nxd3 Rd6 39. Kf2 Bc4 40. Ke3 1/2-1/2

[Event "Madrid"]
[Site "Madrid"]
[Date "1973.??.??"]
[Round "13"]
[White "Portisch, Lajos"]
[Black "Garcia Martinez, Silvino"]
[Result "1-0"]
[WhiteElo "2650"]
[BlackElo "2450"]
[PlyCount "109"]
[EventDate "1973.??.??"]
[Source "ChessBase"]

1. d4 Nf6 2. c4 c5 3. d5 e6 4. Nc3 exd5 5. cxd5 d6 6. e4 g6 7. f4 Bg7 8. Bb5+ Nfd7 9. Bd3 O-O 10. Nf3 Na6 11. O-O Nc7 12. a4 Na6 13. Be3 Nb4 14. Be2 Re8 15. Bf2 a6 16. Kh1 Qc7 17. Nd2 Nf6 18. Bg3 Bd7 19. Bf3 h5 20. e5 Ng4 21. Nc4 dxe5 22. fxe5 Nxe5 23. Re1 f6 24. d6 Qd8 25. Bxe5 fxe5 26. Bxb7 Rb8 27. Be4 Qg5 28. Bf3 e4 29. Rxe4 Bd4 30. Rxe8+ Rxe8 31. Ne2 Be6 32. Nxd4 cxd4 33. Nd2 Bd5 34. d7 Rd8 35. Qe2 Bf7 36. Ne4 Qe7 37. Qd2 Rxd7 38. Rc1 Rc7 39. Rxc7 Qxc7 40. h3 Qc4 41. Nd6 Qc5 42. Qf4 Be6 43. Ne4 Nd3 44. Nxc5 Nxf4 45. g3 Bd5 46. Bxd5+ Nxd5 47. Kg2 h4 48. gxh4 Nc7 49. Kf3 Kg7 50. Ke4 Kh6 51. b4 Kh5 52. Kxd4 Kxh4 53. Nxa6 Nxa6 54. b5 Nb8 55. a5 1-0

[Event "Open, Zadar CRO"]
[Site "?"]
[Date "2000.??.??"]
[Round "9"]
[White "Savchenko, S."]
[Black "Berelovich, A."]
[Result "1/2-1/2"]
[WhiteElo "2575"]
[BlackElo "2515"]
[PlyCount "90"]
[EventDate "2000.??.??"]
[Source "www.chesslib.no"]
[SourceDate "2004.05.04"]

1. d4 e6 2. c4 Nf6 3. Nc3 c5 4. d5 exd5 5. cxd5 d6 6. e4 g6 7. f4 Bg7 8. Bb5+ Nbd7 9. e5 dxe5 10. fxe5 Nh5 11. e6 Qh4+ 12. g3 Nxg3 13. hxg3 Qxh1 14. Be3 O-O 15. exd7 Bxd7 16. Bxd7 Rfe8 17. Bxe8 Rxe8 18. Kd2 Bxc3+ 19. bxc3 Qxd5+ 20. Kc2 Qe4+ 21. Qd3 Qxe3 22. Rf1 Kg7 23. Nf3 Qe2+ 24. Nd2 Qxd3+ 25. Kxd3 Rd8+ 26. Kc2 f5 27. Re1 Kf6 28. a4 h5 29. a5 Rd6 30. Nc4 Re6 31. Rxe6+ Kxe6 32. Kd3 g5 33. Nd2 b5 34. axb6 axb6 35. Nf1 Kf6 36. c4 Kg6 37. Nd2 Kf6 38. Nf3 Kg6 39. Ne5+ Kf6 40. Nd7+ Ke6 41. Nxb6 h4 42. gxh4 gxh4 43. Ke3 h3 44. Kf3 f4 45. Na4 Ke5 1/2-1/2

[Event "World Ch XIV Final"]
[Site "Cork World Ch XIV Final"]
[Date "1994.??.??"]
[Round "?"]
[White "Morgado, Juan Sebastian"]
[Black "Lecroq, Michel"]
[Result "1/2-1/2"]
[WhiteElo "2510"]
[BlackElo "2570"]
[PlyCount "79"]
[EventDate "1994.??.??"]
[Source "www.chesslib.no"]
[SourceDate "2004.05.04"]

1. d4 Nf6 2. c4 c5 3. d5 e6 4. Nc3 exd5 5. cxd5 d6 6. e4 g6 7. f4 Bg7 8. Bb5+ Nfd7 9. a4 O-O 10. Nf3 Na6 11. O-O Nc7 12. Bd3 Rb8 13. Nd2 a6 14. Nc4 Nf6 15. a5 Bd7 16. Qf3 Bb5 17. Bd2 Bxc4 18. Bxc4 b5 19. axb6 Rxb6 20. Na4 Rb8 21. Ba5 Qe7 22. e5 Nfe8 23. Qf2 Nb5 24. Rae1 dxe5 25. fxe5 Bxe5 26. Nxc5 Ned6 27. b3 f6 28. Nxa6 Qb7 29. Bxb5 Nxb5 30. Nxb8 Bd4 31. Re3 Rxb8 32. Kh1 Bxe3 33. Qxe3 Qxd5 34. Rxf6 Na3 35. Be1 Nc2 36. Qf4 Qxb3 37. Bf2 Re8 38. h4 Qd5 39. Qa4 Rc8 40. Rf3 1/2-1/2

[Event "Corr"]
[Site "?"]
[Date "2001.11.01"]
[Round "?"]
[White "Lueers Jan-Christoffer (GE"]
[Black "Brooks Dr.Ian S.(ENG)"]
[Result "0-1"]
[WhiteElo "2499"]
[BlackElo "2578"]
[PlyCount "50"]
[EventDate "2001.??.??"]
[Source "www.chesslib.no"]
[SourceDate "2004.05.04"]

1. d4 Nf6 2. c4 c5 3. d5 e6 4. Nc3 exd5 5. cxd5 d6 6. e4 g6 7. f4 Bg7 8. Bb5+ Nbd7 9. e5 dxe5 10. fxe5 Nh5 11. Nf3 O-O 12. Bg5 Qa5 13. Qa4 Qxa4 14. Bxa4 Nxe5 15. Nxe5 Bxe5 16. Be7 Nf4 17. Bxf8 Kxf8 18. Rd1 Nxg2+ 19. Kf2 Nf4 20. Rhe1 f6 21. Bb3 Bg4 22. Rd2 Nh3+ 23. Kg2 Re8 24. Ba4 Rd8 25. Bb3 Ng5 0-1

[Event "Soviet Union"]
[Site "Soviet Union"]
[Date "1980.??.??"]
[Round "?"]
[White "Dorfman, Josif D"]
[Black "Psakhis, Lev B"]
[Result "1/2-1/2"]
[WhiteElo "2540"]
[BlackElo "2535"]
[PlyCount "40"]
[EventDate "1980.??.??"]
[Source "www.chesslib.no"]
[SourceDate "2004.05.04"]

1. d4 Nf6 2. c4 c5 3. d5 e6 4. Nc3 exd5 5. cxd5 d6 6. e4 g6 7. f4 Bg7 8. Bb5+ Nfd7 9. Bd3 O-O 10. Nf3 Na6 11. O-O Rb8 12. Kh1 Nc7 13. a4 a6 14. a5 b5 15. axb6 Nxb6 16. f5 gxf5 17. exf5 Nbxd5 18. Bg5 Bf6 19. Bh6 Bg7 20. Bg5 Bf6 1/2-1/2

[Event "Aalborg"]
[Site "?"]
[Date "1992.??.??"]
[Round "?"]
[White "Savchenko, S."]
[Black "Pigusov, E."]
[Result "1-0"]
[WhiteElo "2505"]
[BlackElo "2565"]
[PlyCount "63"]
[EventDate "1992.??.??"]
[Source "ChessBase"]
[SourceDate "1992.06.01"]

1. d4 Nf6 2. c4 c5 3. d5 e6 4. Nc3 exd5 5. cxd5 d6 6. e4 g6 7. f4 Bg7 8. Bb5+ Nfd7 9. Be2 a6 10. a4 Qh4+ 11. g3 Qd8 12. Nf3 O-O 13. O-O Re8 14. Kg2 Nf8 15. e5 Bg4 16. Ng5 Bxe2 17. Qxe2 f6 18. Nge4 dxe5 19. f5 gxf5 20. Rxf5 Ng6 21. Be3 b6 22. Raf1 Nd7 23. d6 Ngf8 24. Nd5 Ne6 25. Qg4 Kh8 26. Rh5 Ra7 27. Qh4 Nef8 28. Bh6 Bxh6 29. Rxh6 Re6 30. Rf5 Qe8 31. Nc7 Rxc7 32. dxc7 1-0

[Event "Donetzk zt"]
[Site "Donetsk"]
[Date "1998.11.05"]
[Round "4"]
[White "Kruppa, Yuri"]
[Black "Berelovich, Aleksandar"]
[Result "1/2-1/2"]
[WhiteElo "2570"]
[BlackElo "2495"]
[PlyCount "83"]
[EventDate "1998.11.02"]
[Source "ChessBase"]
[SourceDate "1999.02.01"]

1. d4 Nf6 2. c4 e6 3. Nc3 c5 4. d5 exd5 5. cxd5 d6 6. e4 g6 7. f4 Bg7 8. Bb5+ Nbd7 9. e5 dxe5 10. fxe5 Nh5 11. e6 Qh4+ 12. g3 Nxg3 13. Nf3 Bxc3+ 14. bxc3 Qe4+ 15. Be2 Nxh1 16. exf7+ Ke7 17. d6+ Kf6 18. c4 h6 19. Bb2+ Kxf7 20. Bxh8 Nf6 21. Bxf6 Kxf6 22. Qd2 Bf5 23. Rd1 Re8 24. d7 Bxd7 25. Qb2+ Ke6 26. Rd5 Qf4 27. Qxb7 Qc1+ 28. Rd1 Qc3+ 29. Kf1 Re7 30. Kg2 Qe3 31. Kxh1 Kf6 32. Rxd7 Rxd7 33. Qxd7 Qxe2 34. Qd6+ Kf5 35. Qd5+ Kf4 36. Ng1 Qe4+ 37. Qxe4+ Kxe4 38. Ne2 Kd3 39. Nf4+ Kxc4 40. Nxg6 Kc3 41. Ne5 c4 42. Kg2 1/2-1/2

[Event "JUG-chT"]
[Site "Niksic"]
[Date "1996.??.??"]
[Round "?"]
[White "Djuric, Stefan"]
[Black "Pavlovic, Milos"]
[Result "0-1"]
[WhiteElo "2560"]
[BlackElo "2505"]
[PlyCount "80"]
[EventDate "1996.??.??"]
[Source "www.chesslib.no"]
[SourceDate "2004.05.04"]

1. d4 Nf6 2. c4 c5 3. d5 e6 4. Nc3 exd5 5. cxd5 d6 6. e4 g6 7. f4 Bg7 8. Bb5+ Nfd7 9. a4 O-O 10. Nf3 Nf6 11. O-O Bg4 12. h3 Bxf3 13. Qxf3 Nbd7 14. Bd2 a6 15. Bc4 Rb8 16. Rac1 Ne8 17. b3 Qh4 18. Kh2 Nc7 19. g3 Qh5 20. Qxh5 gxh5 21. Be2 b5 22. a5 f5 23. exf5 Bxc3 24. Bxc3 Nxd5 25. Bb2 Ne3 26. Rg1 Nf6 27. g4 hxg4 28. hxg4 Rbe8 29. g5 Nfd5 30. Bh5 Re4 31. g6 h6 32. g7 Rxf5 33. Bg6 Ne7 34. Bh7+ Kxh7 35. g8=Q+ Nxg8 36. Rg7+ Kh8 37. Re7+ Rfe5 38. fxe5 dxe5 39. Rxe5 Ng4+ 40. Kg3 Nxe5 0-1

[Event "Beersheba"]
[Site "Beer Sheba ISR"]
[Date "1978.??.??"]
[Round "2"]
[White "Korchnoi, Viktor L"]
[Black "Pasman, Michael"]
[Result "1-0"]
[WhiteElo "2665"]
[BlackElo "2395"]
[PlyCount "72"]
[EventDate "1978.02.??"]
[Source "www.chesslib.no"]
[SourceDate "2004.05.04"]

1. d4 Nf6 2. c4 c5 3. d5 e6 4. Nc3 exd5 5. cxd5 d6 6. e4 g6 7. f4 Bg7 8. Bb5+ Nfd7 9. a4 O-O 10. Nf3 a6 11. Bc4 Nb6 12. Be2 Bg4 13. O-O Re8 14. a5 Nc8 15. Bd2 Nd7 16. Qc2 Qc7 17. b3 b5 18. axb6 Ncxb6 19. Kh1 c4 20. b4 f5 21. h3 fxe4 22. hxg4 exf3 23. Bxf3 Qd8 24. g5 Qe7 25. Ra5 Bd4 26. g3 Nf8 27. Kg2 Qd7 28. Ne4 c3 29. Qd3 Qg7 30. Nf6+ Bxf6 31. gxf6 Qf7 32. Bxc3 Rac8 33. Bd4 Nc4 34. Rxa6 Nd7 35. Ra7 Nce5 36. fxe5 Nxe5 1-0

[Event "Cup Maia Chiburdanidze"]
[Site "Tbilisi (Georgia)"]
[Date "2007.06.12"]
[Round "7"]
[White "Jobava Beglar (GEO)"]
[Black "Pantsulaia Levan (GEO)"]
[Result "0-1"]
[WhiteElo "2442"]
[BlackElo "2616"]
[PlyCount "124"]
[EventDate "2007.??.??"]
[Source "www.chesslib.no"]
[SourceDate "2004.05.04"]

1. d4 Nf6 2. c4 e6 3. Nc3 c5 4. d5 exd5 5. cxd5 d6 6. e4 g6 7. f4 Bg7 8. Bb5+ Nfd7 9. Be2 a6 10. a4 Qh4+ 11. g3 Qe7 12. Nf3 O-O 13. O-O Re8 14. Ra3 Nf8 15. e5 Bf5 16. Rb3 Qc7 17. Nd2 Bh3 18. Rf2 dxe5 19. Nde4 Bf5 20. g4 Bxe4 21. Nxe4 exf4 22. Bxf4 Qe7 23. Nd6 Bd4 24. Nxe8 Qxe8 25. Qd2 Qxa4 26. Ra3 Qb4 27. Qxb4 cxb4 28. Ra4 Nbd7 29. Rxb4 Bxf2+ 30. Kxf2 b5 31. Rb3 Nb6 32. Rd3 Nfd7 33. Bc7 a5 34. Bf3 b4 35. d6 Ra7 36. Rd4 Na4 37. Bc6 Nac5 38. Rc4 Nd3+ 39. Ke3 N3e5 40. Kd4 Nxc6+ 41. Rxc6 a4 42. Rc1 a3 43. b3 Ra6 44. Kd5 a2 45. Ra1 Kf8 46. Kc4 f5 47. gxf5 gxf5 48. Kb5 Ra8 49. Kxb4 f4 50. Ba5 Kf7 51. Rxa2 Ke6 52. Rf2 Ne5 53. Kb5 Rb8+ 54. Ka6 Nd3 55. Bc7 Rxb3 56. Re2+ Kd7 57. Re7+ Kc6 58. Ka7 f3 59. Rf7 Ra3+ 60. Kb8 Nc5 61. Kc8 Ra8+ 62. Bb8 Nd7 0-1

[Event "Wch-15"]
[Site "?"]
[Date "1990.??.??"]
[Round "?"]
[White "O Duill, Anthony Francis"]
[Black "Lassen, Hans Joergen"]
[Result "1-0"]
[WhiteElo "2575"]
[BlackElo "2480"]
[PlyCount "47"]
[EventDate "1990.??.??"]
[Source "www.chesslib.no"]
[SourceDate "2004.05.04"]

1. d4 Nf6 2. c4 c5 3. d5 e6 4. Nc3 exd5 5. cxd5 d6 6. e4 g6 7. f4 Bg7 8. Bb5+ Nfd7 9. a4 Na6 10. Nf3 O-O 11. O-O Nc7 12. Bd3 a6 13. f5 Ne5 14. Nxe5 Bxe5 15. Rf3 Rb8 16. Bh6 Re8 17. Qd2 b5 18. fxg6 hxg6 19. Raf1 f6 20. Bf4 Kg7 21. Bxe5 Rxe5 22. Rxf6 Qxf6 23. Rxf6 Kxf6 24. Qh6 1-0

[Event "Capablanca Memorial"]
[Site "Cienfuegos City CUB"]
[Date "1973.??.??"]
[Round "?"]
[White "Farago, Ivan"]
[Black "Spassov, Liuben D"]
[Result "1/2-1/2"]
[WhiteElo "2515"]
[BlackElo "2540"]
[PlyCount "33"]
[EventDate "1973.??.??"]
[Source "www.chesslib.no"]
[SourceDate "2004.05.04"]

1. d4 Nf6 2. c4 c5 3. d5 e6 4. Nc3 exd5 5. cxd5 d6 6. e4 g6 7. f4 Bg7 8. Bb5+ Nfd7 9. Bd3 O-O 10. Nf3 Na6 11. O-O Rb8 12. Nb5 Qb6 13. Kh1 Nc7 14. a4 Nxb5 15. axb5 a6 16. Bd2 Qc7 17. Qb3 1/2-1/2

[Event "Open"]
[Site "Kavala GRE"]
[Date "2007.08.07"]
[Round "4"]
[White "Ivanisevic, I."]
[Black "Dimitrov, Pa"]
[Result "1-0"]
[WhiteElo "2595"]
[BlackElo "2456"]
[PlyCount "123"]
[EventDate "2007.08.05"]
[Source "www.chesslib.no"]
[SourceDate "2004.05.04"]

1. d4 Nf6 2. c4 c5 3. d5 e6 4. Nc3 exd5 5. cxd5 d6 6. e4 g6 7. f4 Bg7 8. Bb5+ Nfd7 9. a4 O-O 10. Nf3 Na6 11. O-O Nc7 12. Bxd7 Bxd7 13. f5 b5 14. Bg5 f6 15. Bf4 Qe7 16. fxg6 hxg6 17. Nh4 Kh7 18. Qd3 b4 19. Nxg6 Kxg6 20. Bxd6 Qe8 21. Bxf8 Qxf8 22. Qg3+ Kh7 23. Qxc7 Qd8 24. Nb5 a6 25. Qxd8 Rxd8 26. Nd6 f5 27. b3 Bd4+ 28. Kh1 Bxa1 29. Rxa1 fxe4 30. Nb7 Rc8 31. Kg1 e3 32. Nd6 Rd8 33. Nc4 e2 34. Re1 Bf5 35. Rxe2 Rxd5 36. Kf2 Bd3 37. Re7+ Kg8 38. Ne3 Rd4 39. Rc7 c4 40. Nxc4 Bc2 41. Na5 Rd2+ 42. Kf3 Bd1+ 43. Kg3 Rd5 44. Rc1 Kg7 45. h3 Bh5 46. Rc7+ Bf7 47. Nc4 Rd3+ 48. Kf4 Rc3 49. Rb7 Kf6 50. Rxb4 Bd5 51. Rb6+ Kg7 52. Ne3 Bxb3 53. a5 Ba4 54. Rxa6 Ra3 55. Nf5+ Kf7 56. Kg5 Bc2 57. Ra7+ Ke8 58. Ng7+ Kf8 59. Ne6+ Kg8 60. Kf6 Be4 61. Ng5 Bd5 62. Rd7 1-0

[Event "Bad Woerishofen 72/80"]
[Site "?"]
[Date "1998.??.??"]
[Round "?"]
[White "Giorgadze, Giorgi"]
[Black "Foisor, Ovidiu"]
[Result "1-0"]
[WhiteElo "2605"]
[BlackElo "2445"]
[PlyCount "65"]
[EventDate "1998.??.??"]
[Source "ChessBase"]
[SourceDate "1998.02.01"]

1. d4 Nf6 2. c4 e6 3. Nc3 c5 4. d5 d6 5. e4 exd5 6. cxd5 g6 7. f4 Bg7 8. Bb5+ Nfd7 9. Be2 O-O 10. Nf3 Nb6 11. O-O Bg4 12. Ng5 Bxe2 13. Qxe2 N8d7 14. a4 a6 15. Bd2 Rc8 16. a5 Na8 17. f5 Nc7 18. fxg6 Bd4+ 19. Kh1 fxg6 20. Rxf8+ Qxf8 21. Rf1 Nf6 22. Nf3 Qe7 23. e5 Bxc3 24. Bxc3 Nfxd5 25. Qc4 Rf8 26. exd6 Qxd6 27. Be5 Qe6 28. Qxc5 Rf7 29. Re1 Qf5 30. Qc4 g5 31. h3 h5 32. Bg3 Nf4 33. Ne5 1-0

[Event "Dubna"]
[Site "Dubna"]
[Date "1979.??.??"]
[Round "?"]
[White "Farago, Ivan"]
[Black "Suetin, Alexei S"]
[Result "0-1"]
[WhiteElo "2510"]
[BlackElo "2535"]
[PlyCount "88"]
[EventDate "1979.??.??"]
[Source "www.chesslib.no"]
[SourceDate "2004.05.04"]

1. d4 Nf6 2. c4 c5 3. d5 e6 4. Nc3 exd5 5. cxd5 d6 6. e4 g6 7. f4 Bg7 8. Bb5+ Nfd7 9. Bd3 O-O 10. Nf3 a6 11. a4 Nf6 12. O-O Bg4 13. h3 Bxf3 14. Qxf3 Nbd7 15. Bd2 Qc7 16. Bc4 Nb6 17. b3 Nfd7 18. Rae1 Rae8 19. Qd3 Qd8 20. Kh1 Qh4 21. Re2 g5 22. g3 Qh5 23. Rg2 Nxc4 24. bxc4 f5 25. g4 fxg4 26. Rxg4 gxf4 27. Rfg1 Rf7 28. Bxf4 Ne5 29. Bxe5 Qxe5 30. Ne2 Kh8 31. Ng3 Rf2 32. Qe3 Qb2 33. Nf1 Be5 34. R4g2 Rxg2 35. Rxg2 Qb1 36. Qf3 Bg7 37. Qf7 Re7 38. Qf4 Rxe4 39. Qf5 Qe1 40. Rg1 Re8 41. Ng3 Qe3 42. Nh5 Rf8 43. Qg4 Bd4 44. Rb1 Rg8 0-1

[Event "It (open)"]
[Site "Barbera (Spain)"]
[Date "2007.07.11"]
[Round "6"]
[White "Jankovic Alojzije (CRO)"]
[Black "Almeida Omar (CUB)"]
[Result "1/2-1/2"]
[WhiteElo "2536"]
[BlackElo "2501"]
[PlyCount "58"]
[EventDate "2007.??.??"]
[Source "www.chesslib.no"]
[SourceDate "2004.05.04"]

1. d4 Nf6 2. c4 c5 3. d5 e6 4. Nc3 exd5 5. cxd5 d6 6. e4 g6 7. f4 Bg7 8. Bb5+ Nfd7 9. Nf3 a6 10. Bd3 b5 11. a3 O-O 12. O-O Re8 13. Qe1 c4 14. Bc2 Nc5 15. Be3 Nbd7 16. Bd4 Bxd4+ 17. Nxd4 Qb6 18. Qf2 Nf6 19. Nf3 Ncd7 20. Rad1 Qxf2+ 21. Rxf2 Nc5 22. e5 Nh5 23. Ng5 f6 24. exf6 Nxf6 25. f5 gxf5 26. Bxf5 Bxf5 27. Rxf5 Ng4 28. Ne6 Nxe6 29. dxe6 Rxe6 1/2-1/2

[Event "Corr"]
[Site "?"]
[Date "2000.09.25"]
[Round "?"]
[White "Brenke Andreas (GER)"]
[Black "Vaindl Jaroslav"]
[Result "1/2-1/2"]
[WhiteElo "2593"]
[BlackElo "2438"]
[PlyCount "92"]
[EventDate "2000.??.??"]
[Source "www.chesslib.no"]
[SourceDate "2004.05.04"]

1. d4 Nf6 2. c4 c5 3. d5 e6 4. Nc3 exd5 5. cxd5 d6 6. e4 g6 7. f4 Bg7 8. Bb5+ Nfd7 9. a4 O-O 10. Nf3 Na6 11. O-O Nc7 12. Bxd7 Bxd7 13. f5 gxf5 14. Bg5 f6 15. Bf4 Ne8 16. Qd2 Rf7 17. exf5 Bxf5 18. Ne2 Re7 19. Ng3 Bg6 20. h4 h5 21. Ne1 Qd7 22. Nc2 Nc7 23. Ne3 f5 24. Kh1 Bd4 25. Nexf5 Bxf5 26. Nxf5 Qxf5 27. Bxd6 Qd7 28. Bxe7 Qxe7 29. Ra3 Ne8 30. b4 Ng7 31. bxc5 Bxc5 32. Rh3 Rf8 33. Rxf8+ Qxf8 34. Rf3 Qe7 35. d6 Qxh4+ 36. Rh3 Qc4 37. Qd1 Qd4 38. Rd3 Qh4+ 39. Rh3 Qg5 40. d7 Bb6 41. Rf3 Bd8 42. Qb3+ Kh7 43. Qb1+ Kh6 44. Qe4 Qc1+ 45. Kh2 Bc7+ 46. g3 Qd2+ 1/2-1/2

[Event "Tashkent"]
[Site "?"]
[Date "1987.??.??"]
[Round "?"]
[White "Timoshchenko, G."]
[Black "Pigusov, E."]
[Result "1/2-1/2"]
[WhiteElo "2495"]
[BlackElo "2520"]
[PlyCount "42"]
[EventDate "1987.??.??"]
[Source "ChessBase"]
[SourceDate "1987.01.01"]

1. d4 Nf6 2. c4 c5 3. d5 e6 4. Nc3 exd5 5. cxd5 g6 6. e4 d6 7. f4 Bg7 8. Bb5+ Nfd7 9. a4 a6 10. Bd3 Qh4+ 11. g3 Qd8 12. Nf3 O-O 13. O-O Nf6 14. Kg2 Bg4 15. h3 Bxf3+ 16. Qxf3 Nbd7 17. Be3 Qa5 18. Rae1 Rae8 19. Re2 Qb4 20. Bc1 Re7 21. Rfe1 c4 1/2-1/2

[Event "Deutschland"]
[Site "?"]
[Date "2001.10.07"]
[Round "1.2"]
[White "Kishnev Sergey"]
[Black "Enders Peter"]
[Result "1-0"]
[WhiteElo "2498"]
[BlackElo "2516"]
[PlyCount "115"]
[EventDate "2001.??.??"]
[Source "www.chesslib.no"]
[SourceDate "2004.05.04"]

1. d4 Nf6 2. c4 c5 3. d5 e6 4. Nc3 exd5 5. cxd5 d6 6. e4 g6 7. f4 Bg7 8. Bb5+ Nfd7 9. a4 O-O 10. Nf3 Na6 11. O-O Nb4 12. Be3 a6 13. Bc4 Nb6 14. Be2 Bg4 15. h3 Bxf3 16. Rxf3 Re8 17. Bf2 Rc8 18. Qd2 Bd4 19. Rf1 Bxf2+ 20. R1xf2 f5 21. exf5 gxf5 22. Rg3+ Kh8 23. Rg5 Qf6 24. a5 Nd7 25. Bd3 Nxd3 26. Qxd3 Re1+ 27. Rf1 Rxf1+ 28. Kxf1 Rf8 29. Qe2 Ne5 30. Rg3 Ng6 31. Rf3 h5 32. g3 h4 33. Re3 Kg7 34. Re6 Qd4 35. Qh5 Rf6 36. Rxf6 Kxf6 37. Qg5+ Kg7 38. gxh4 Qxf4+ 39. Kg2 Kf7 40. Qxf4 Nxf4+ 41. Kf3 Nd3 42. Na4 Kg6 43. Ke3 Nb4 44. Nb6 Kf6 45. Ke2 Nc2 46. Nc4 Nb4 47. Nxd6 Nxd5 48. Nxb7 c4 49. Nc5 Nb4 50. Nd7+ Kg6 51. Ne5+ Kh5 52. Nxc4 Kxh4 53. Kf3 Kg5 54. h4+ Kxh4 55. Kf4 Kh5 56. Kxf5 Kh6 57. Kf6 Kh5 58. Ne5 1-0

[Event "Moscow RUS"]
[Site "?"]
[Date "2006.05.11"]
[Round "12"]
[White "Sambuev Bator"]
[Black "Gabrielian Artur"]
[Result "0-1"]
[WhiteElo "2489"]
[BlackElo "2520"]
[PlyCount "68"]
[EventDate "2006.??.??"]
[Source "www.chesslib.no"]
[SourceDate "2004.05.04"]

1. d4 Nf6 2. c4 c5 3. d5 e6 4. Nc3 exd5 5. cxd5 d6 6. e4 g6 7. f4 Bg7 8. Bb5+ Nfd7 9. a4 O-O 10. Nf3 Na6 11. O-O Nb4 12. Re1 a6 13. Bf1 Re8 14. h3 b6 15. Bc4 Bb7 16. Be3 Nf6 17. e5 dxe5 18. fxe5 Nfxd5 19. Bg5 Qd7 20. Qb3 Nxc3 21. bxc3 b5 22. axb5 Bxf3 23. cxb4 axb5 24. Qxf3 Rxa1 25. Qxf7+ Qxf7 26. Bxf7+ Kxf7 27. Rxa1 cxb4 28. Ra7+ Kg8 29. Rb7 Rxe5 30. Bd2 Bf8 31. Rd7 b3 32. Bc3 Re3 33. Ba5 b4 34. Kf2 Rc3 0-1

[Event "Badalona"]
[Site "?"]
[Date "1999.??.??"]
[Round "?"]
[White "Vera, R."]
[Black "Moskalenko, V."]
[Result "1-0"]
[WhiteElo "2535"]
[BlackElo "2470"]
[PlyCount "65"]
[EventDate "1999.??.??"]
[Source "Chess Informant"]
[SourceDate "1999.06.01"]

1. d4 Nf6 2. c4 e6 3. Nc3 c5 4. d5 exd5 5. cxd5 d6 6. e4 g6 7. f4 Bg7 8. Bb5+ Nfd7 9. Be2 O-O 10. Nf3 Na6 11. O-O Nc7 12. Kh1 Re8 13. f5 b5 14. fxg6 hxg6 15. Bg5 f6 16. Bf4 Nf8 17. Nxb5 Nxb5 18. Bxb5 Rxe4 19. Qd2 Bg4 20. Bd3 Rb4 21. Rae1 Rab8 22. b3 R4b7 23. Qe3 Bxf3 24. Qxf3 f5 25. Qg3 Rd7 26. Re6 Rb4 27. Bc4 Rxc4 28. bxc4 Nxe6 29. dxe6 Rb7 30. Qxg6 Qf6 31. Qe8+ Kh7 32. Bxd6 Rb6 33. Qh5+ 1-0